| 000 | 00689nam a2200229 i 4500 | ||
|---|---|---|---|
| 001 | bg | ||
| 100 | 1 | _aNOVOŻENOVA, Zoja | |
| 245 | 1 | 0 |
_aRusskoe glagol'noe predlożenie : _bstruktura i semantika / _cZoja Novożenova ; Pomorska Akademia Pedagogiczna. |
| 260 |
_aSłupsk : _bWydaw. Uczelniane PAP, _c2001. |
||
| 300 |
_a215 s. ; _c24 cm. |
||
| 504 | _aBibliogr. | ||
| 650 | 9 |
_aJęzyk rosyjski _xgramatyka |
|
| 650 | 9 | _aSemantyka lingwistyczna | |
| 710 | 0 | _aPomorska Akademia Pedagogiczna (Słupsk) | |
| 020 | _a8388731653 | ||
| 040 | _cBPK | ||
| 041 | 0 | _arus | |
| 080 | _a811.161.1'36/'37 | ||
| 920 | _a83-88731-65-3 | ||
| 942 | _cKS | ||
| 008 | s pl f |000 0 pol | ||
| 999 |
_c42497 _d42497 |
||